Zákonník práce č. 311/2001 Z.z. účinný od 1.9.2011

Enregistré dans:
Détails bibliographiques
Format: Livre
Langue:slovaque
Publié: Bratislava Iura Edition 2011
Collection:APP
Sujets:
Tags: Ajouter un tag
Pas de tags, Soyez le premier à ajouter un tag!

MARC

LEADER 00000nam a2200000 4500
001 0136624
005 20240226103239.2
020 |a 978-80-8078-417-1 
041 0 |a slo 
044 |a SK 
245 1 0 |a Zákonník práce č. 311/2001 Z.z.  |b účinný od 1.9.2011 
264 1 |a Bratislava  |b Iura Edition  |c 2011 
300 |a 152 s. 
490 1 |a APP 
830 0 |a APP 
610 2 0 |a zákonník práce 
610 2 0 |a predpisy pracovnoprávne 
610 2 0 |a právo pracovné 
610 2 0 |a zamestnávatelia 
610 2 0 |a zamestnanci 
610 2 0 |a Slovensko